=LDR 00000nam 2200000 4500 =001 INLIS000000000024755 =005 20130612123324 =008 ***********************************Ind** =035 ##$$0010-061300000024755 =041 ##$$a Ind =082 ##$$a 2x5 =090 ##$$a 2x5, Nat a =100 ##$$a Nata, Abuddin =245 ##$$a Akhlak tasawuf, Drs. H. Abuddin Nata, M.A =260 ##$$a 1996 $b Jakarta =300 ##$$a xvi, 316 hlm, 21 cm =650 ##$$a Akhlak Tasawuf =850 ##$$a NBPNMAT